Tribhuvan University Central Library

Madheshi vidroha kina? (Record no. 70077)

MARC details
000 -LEADER
fixed length control field 00482nam a22002057a 4500
008 - FIXED-LENGTH DATA ELEMENTS--GENERAL INFORMATION
fixed length control field 000000b xxu||||| |||| 00| 0 und d
015 ## - NATIONAL BIBLIOGRAPHY NUMBER
-- NNB
020 ## - INTERNATIONAL STANDARD BOOK NUMBER
Terms of availability Rs.50.00
041 ## - LANGUAGE CODE
Language code of text/sound track or separate title Nep
082 ## - DEWEY DECIMAL CLASSIFICATION NUMBER
Classification number N303.6
Item number S221m
-- N
100 ## - MAIN ENTRY--PERSONAL NAME
Personal name Saha, Nanda Kishor
245 ## - TITLE STATEMENT
Title Madheshi vidroha kina?
260 ## - PUBLICATION, DISTRIBUTION, ETC.
Place of publication, distribution, etc. Rautahat
Name of publisher, distributor, etc. Jyoti Pustak Kendra
Date of publication, distribution, etc. 2064 B.S.
300 ## - PHYSICAL DESCRIPTION
Extent 64p.
650 ## - SUBJECT ADDED ENTRY--TOPICAL TERM
Topical term or geographic name entry element Conflicts
650 ## - SUBJECT ADDED ENTRY--TOPICAL TERM
Topical term or geographic name entry element Revolution
651 ## - SUBJECT ADDED ENTRY--GEOGRAPHIC NAME
Geographic name Madhesh
651 ## - SUBJECT ADDED ENTRY--GEOGRAPHIC NAME
Geographic name Nepal
942 ## - ADDED ENTRY ELEMENTS (KOHA)
Koha item type General Collections
Source of classification or shelving scheme Dewey Decimal Classification
Holdings
Withdrawn status Lost status Damaged status Not for loan Home library Current library Date acquired Total Checkouts Full call number Barcode Date last seen Price effective from Koha item type
        Tribhuvan University Central Library Tribhuvan University Central Library 04/16/2014   N303.6 S221m G71079 04/16/2014 04/16/2014 General Collections